=LDR 00000nam 2200000 4500 =001 INLIS000000000013569 =005 20130612104937 =008 ***********************************Ind** =035 ##$$0010-061300000013569 =041 ##$$a Ind =082 ##$$a 372.2 =090 ##$$a 372.2, Gin a =100 ##$$a Gina, Dwi =245 ##$$a Aya menjadi pintar, dwi Gina =260 ##$$a 2003 $b Jakarta =300 ##$$a 32 hlm, Ilus, 28 cm =650 ##$$a Taman kanak-kanak =850 ##$$a NBPNMAT